Vista normal
Vista MARC
Entrada Materia (tema)
Número de registros utilizados en: 2
001 - CONTROL NUMBER
- control field: 99901
003 - CONTROL NUMBER IDENTIFIER
- control field: Co-BoUCM
005 - DATE AND TIME OF LATEST TRANSACTION
- control field: 20200227104546.0
008 - FIXED-LENGTH DATA ELEMENTS
- fixed length control field: 200227|| aca||babn | a|a d
040 ## - CATALOGING SOURCE
- Original cataloging agency: Co-BoUCM
150 1# - HEADING--TOPICAL TERM
- Topical term or geographic name as entry element: Indígenas de Norteamérica
- General subdivision: Política y gobierno
- Geographic subdivision: Reserva Indígena de Standing Rock (ND y SD)